00911 2200337 4500001002100000005001500021035002000036245012700056100001700183250000600200300003500206700002300241260003000264082000800294084001400302020002200316650001400338990001700352990001700369990001700386990001700403990001700420990001700437990001700454990001700471990001700488990001700505990001700522990001700539990001700556INLIS00000000000057920190116112728 a0010-01190000351 aCairan dan Elektrolit :bUntuk Pertumbuhan dan Perkembangan Bayi dan Anak-Anak /cIis Maryamah; Editor, Epik Finilih, S.Si0 aIis Maryamah a- aiv, 60 hlm. :bilus. ;c21 cm.0 aEpik Finilih, S.Si aDepok :bArya Duta,c2010 a610 a610 IIS c a978-979-750-407-6 aKesehatan a02107/H/2018 a02108/H/2018 a02109/H/2018 a02110/H/2018 a02111/H/2018 a02779/H/2018 a02779/H/2018 a02107/H/2018 a02108/H/2018 a02109/H/2018 a02110/H/2018 a02111/H/2018 a04244/H/2018